ბათუმის შოთა რუსთაველის სახელმწიფო უნივერსიტეტის ბიბლიოთეკა

Очерки истории первобытной культуры / (ბიბ.ჩანაწერი № 61440)

000 -LEADER
fixed length control field 00751nam a22001817a 4500
005 - DATE AND TIME OF LATEST TRANSACTION
control field 20240313162752.0
008 - FIXED-LENGTH DATA ELEMENTS--GENERAL INFORMATION
fixed length control field 240313s1957 ru ||||| |||| 00| 0 rus d
041 ## - LANGUAGE CODE
Language code of text/sound track or separate title rus
080 ## - UNIVERSAL DECIMAL CLASSIFICATION NUMBER
Universal Decimal Classification number 008(11)(09) K-71
100 ## - MAIN ENTRY--PERSONAL NAME
Personal name Косвен, М.O.
9 (RLIN) 21421
245 ## - TITLE STATEMENT
Title Очерки истории первобытной культуры /
Statement of responsibility, etc. М.О. Косвен.
250 ## - EDITION STATEMENT
Edition statement 2-е издание, исправленное и дополненное
264 ## - PRODUCTION, PUBLICATION, DISTRIBUTION, MANUFACTURE, AND COPYRIGHT NOTICE
Place of production, publication, distribution, manufacture Москва :
Name of producer, publisher, distributor, manufacturer Изд-во Акад. наук СССР,
Date of production, publication, distribution, manufacture, or copyright notice 1957.
300 ## - PHYSICAL DESCRIPTION
Extent 240 с. :
Other physical details ил. ;
Dimensions 21 см.
440 ## - SERIES STATEMENT/ADDED ENTRY--TITLE
Title Научно-популярная серия
9 (RLIN) 20761
653 ## - INDEX TERM--UNCONTROLLED
keyword პირველყოფილი კულტურის ისტორია
942 ## - ADDED ENTRY ELEMENTS (KOHA)
Source of classification or shelving scheme
Koha item type წიგნი
ეგზემპლარები
Withdrawn status Lost status Source of classification or shelving scheme Damaged status Not for loan Permanent Location Current Location Date acquired Cost, normal purchase price Full call number Barcode Date last seen Copy number Uniform Resource Identifier Price effective from Koha item type Public note
          ბათუმის შოთა რუსთაველის სახელმწიფო უნივერსიტეტის მთავარი ბიბლიოთეკა ბათუმის შოთა რუსთაველის სახელმწიფო უნივერსიტეტის მთავარი ბიბლიოთეკა 2024-03-13 6.00 008(11)(09) K-71 65803 2024-03-13 65803 ბსუ-ს საპატიო დოქტორის გურამ ლორთქიფანიძის საჩუქარი 2024-03-13 წიგნი 6 ლ.